000 02482nam0a2200409 4500
001 RU\NLR\BIBL_A\022641869
005 20251118143940.0
010 _a978-5-91-682075-1
_9150
021 _aRU
_bКН-П-25-049797
_9КН-П-25-4815
035 _a(NLR Aleph) 022641869
090 _a13466072
_c13466072
100 _a20251010d2025 k y0rusy50 ca
101 0 _arus
_aeng
102 _aRU
105 _aacbhz 000yy
181 0 _ai3
_baxxe
182 0 _an
200 1 _aЕдиная система сейсмических наблюдений в СССР
_dUnited system of seismic observations in the USSR
_eистория создания и становления
_eмонография
_fА. В. Пономарёв, А. Н. Морозов, А. Д. Завьялов [и др.]
_gИнститут физики Земли им. О. Ю. Шмидта РАН, Федеральный исследовательский центр "Единая геофизическая служба РАН"
_zeng
203 _aТекст
_bвизуальный
_cнепосредственный
210 _aМосква
_cИФЗ РАН
_d2025
215 _a255, [4] с.
_cил., цв. ил., портр., факс., карт.
_d25
300 _aАвт. указаны на обороте тит. л.
300 _aВ конце кн. авт.: А. В. Пономарёв, д-р физ.-мат. наук, А. Н. Морозов, д-р техн. наук, А. Д. Завьялов, д-р физ.-мат. наук [и др.]
300 _aТекст рус., англ.
320 _aБиблиогр.: с. 75-78
510 1 _aUnited system of seismic observations in the USSR
_zeng
606 1 _aСейсмические наблюдения
_xИстория
_yСССР
_2nlr_sh2
_3RU\NLR\AUTH\6601762097
686 1 _aД217.9(2)
701 1 _aПономарев
_bА. В.
_cд-р физ.-мат. наук
_gАлександр Вениаминович
_3RU\NLR\AUTH\7764253
701 1 _aМорозов
_bА. Н.
_cд-р техн. наук, геофизика
_gАлексей Николаевич
_3RU\NLR\AUTH\770254855
701 1 _aЗавьялов
_bА. Д.
_gАлексей Дмитриевич
712 0 2 _aИнститут физики Земли им. О. Ю. Шмидта
_cМосква
_3RU\NLR\AUTH\8810453
_4475
942 _cBOOK
980 _aNB